| 000 | 00933nam a22002897a 4500 | ||
|---|---|---|---|
| 001 | 9498 | ||
| 003 | FISKH | ||
| 005 | 20260115121632.0 | ||
| 008 | 260115b cb ||||| |||| 00| 0 eng d | ||
| 020 | _a9781848792920 | ||
| 040 |
_aFISKH _beng _cFISKH _dFISKH |
||
| 050 | _aPZ8.T597 I | ||
| 082 | _a821.92 | ||
| 100 | _aToms , Kate | ||
| 245 |
_aI udderly love you ! / _cBy Kate Toms |
||
| 260 |
_aBerhamssted , Herfordshire : _bMake Believe Ideas , _c2007. |
||
| 300 |
_a28 unnumbered pages : _bcolor illustrations ; _c26 cm . |
||
| 505 | _aF | ||
| 520 | _aA reassuring story about a mother's unconditional love, told with a bit of whimsy and illustrated with delightful characters. | ||
| 521 | 8 |
_a300
_bLexile estimate |
|
| 521 | 8 |
_aF
_bRaz-Plus |
|
| 650 |
_aOnomatopoeia _vPicture Books |
||
| 650 |
_aFarms _vPicture Books |
||
| 700 |
_aReagan , Holly _eInspirer |
||
| 942 |
_2ddc _cBK _n0 |
||
| 999 |
_c9498 _d9498 |
||